| 000 | 01524cam a2200325 i 4500 | ||
|---|---|---|---|
| 001 | 9920 | ||
| 003 | FISKH | ||
| 005 | 20260317090646.0 | ||
| 008 | 211208s2022 nyua b 001 0 eng | ||
| 010 | _a 2021057378 | ||
| 020 |
_a9781982167387 _q(hardcover) |
||
| 020 |
_a9781982167394 _q(paperback) |
||
| 020 |
_z9781982167400 _q(ebook) |
||
| 035 | _a22338086 | ||
| 040 |
_aDLC _beng _erda _cDLC _dDLC |
||
| 050 | 0 | 0 |
_aBF408 _b.F67 2022 |
| 082 | 0 | 0 |
_a153.3/5 _223/eng/20211208 |
| 100 | 1 |
_aForte, Tiago, _eauthor. |
|
| 245 | 1 | 0 |
_aBuilding a second brain : _ba proven method to organize your digital life and unlock your creative potential / _cTiago Forte. |
| 260 |
_aNew York : _bAtria Books, _c2022 |
||
| 300 |
_a260 pages : _billustrations ; _c24 cm |
||
| 504 | _aIncludes bibliographical references and index. | ||
| 520 |
_a"Building a Second Brain is Getting Things Done for the digital age. It's a revolutionary new productivity method for consuming, synthesizing, and remembering the vast amount of information we take in, allowing us to become more effective and creative and harness the unprecedented amount of technology we have at our disposal"-- _cProvided by publisher. |
||
| 650 | 0 | _aCreative ability. | |
| 650 | 0 | _aThought and thinking. | |
| 776 | 0 | 8 |
_iOnline version: _aForte, Tiago. _tBuilding a second brain. _bFirst Atria Books hardcover edition. _dNew York : Atria Books, 2022 _z9781982167400 _w(DLC) 2021057379 |
| 906 |
_a7 _bcbc _corignew _d1 _eecip _f20 _gy-gencatlg |
||
| 942 |
_2ddc _cBK _n0 |
||
| 999 |
_c9920 _d9920 |
||